| 000 | 00936nam a22001817a 4500 | ||
|---|---|---|---|
| 005 | 20260124093927.0 | ||
| 008 | 230713b ||||| |||| 00| 0 eng d | ||
| 040 |
_cSSBUL _dSSBUL |
||
| 082 |
_223 _a၃၂၇.၅၉၁ ဖြိုး ၁၆၀၂၅ (S-SAT) |
||
| 100 | _aဖြိုးသာရ။ | ||
| 245 |
_aမြန်မာနိုင်ငံနှင့် နိုင်ငံတကာအဖွဲ့အစည်းများ / _cဖြိုးသာရ။ |
||
| 260 |
_aရန်ကုန်၊ _bဓူဝံစာအုပ်တိုက်၊ _c၂၀၀၆။ |
||
| 300 |
_a၁၆၉ စာမျက်နှာ၊ _c၂၀ စင်တီ။ |
||
| 500 | _aS-SAT: Dr. Prof Sai Aung Tun | ||
| 650 |
_aနိုင်ငံခြားဆက်ဆံရေး။ _927926 |
||
| 650 |
_aမြန်မာနိုင်ငံ _xနိုင်ငံခြားဆက်ဆံရေး။ _927927 |
||
| 942 |
_2ddc _cBK1 |
||
| 999 |
_c27164 _d27164 |
||